000 01081nam a2200289 i 4500
001 183540
003 ES-MaACL
005 20231105152423.0
008 140716s2000 sp | |||| ||spa d
020 _a84-493-0835-6
080 _a159.928.23
100 1 _aStahl, Thies.
_9154985
245 1 0 _aIntroducción a la programación neurolingüística (PNL)
_b: para qué sirve, cómo funciona y quién puede beneficiarse de ella /
_cThies Stahl ; [traducción de Héctor Piquer Minguijón].
260 _aBarcelona :
_bPaidós Ibérica,
_c[2000]
300 _a140 p. ;
_c21 cm.
490 1 _aPaidós saberes cotidianos ;
_v22
504 _aBibliografía: p. [139]-140.
650 0 7 _aProgramación neurolingüística.
_9154986
650 0 4 _aTerapia de conducta.
_9154989
700 1 _aPiquer Minguijón, Héctor.
_9154987
830 0 _aPaidós saberes cotidianos ;
_v22
_9192008
852 _aES-MaACL
_jA-13152
_9190481
_bR.149878
_cDEPO1
_dOlim:N-6152
942 _2udc
_cMONOGRAFIA
999 _c183540
_d183540